000 00752nam a2200253Ia 4500
003 OSt
005 20220926005011.0
006 a|||||r|||| 00| 0
007 ta
008 220923b |||||||| |||| 00| 0 eng d
020 _a8170369622
037 _cGeneral Book
040 _aRTL
_cRTL
_beng
041 _2eng
_aeng
082 _aY: 3(S5).4.P, P1/TD
100 _aDube Leela
_924824
245 0 _aAnthropological explorations in gender
_b Intersecting fields
260 _a New Delhi
_bSage Publication
_c2001
300 _a268p. Bibliography chapterwise
_ccm.
650 _a Sex
_931676
650 _aSociology irt Psychology
942 _hY: 3(S5).4.P, P1/TD
_cGB
_2CC
999 _c612757
_d612757